Business Environment Text & cases (Record no. 975)

MARC details
000 -LEADER
fixed length control field 00437nam a22001697a 4500
005 - DATE AND TIME OF LATEST TRANSACTION
control field 20180327154215.0
008 - FIXED-LENGTH DATA ELEMENTS--GENERAL INFORMATION
fixed length control field 160518b xxu||||| |||| 00| 0 eng d
020 ## - INTERNATIONAL STANDARD BOOK NUMBER
ISBN 978-81-8488-697-9
041 ## - LANGUAGE CODE
Language code of text/sound track or separate title eng
082 ## - DEWEY DECIMAL CLASSIFICATION NUMBER
Item number 2699
Classification number 338.7
100 ## - MAIN ENTRY--AUTHOR NAME
Personal name Cherunilam Francis
245 ## - TITLE STATEMENT
Title Business Environment Text & cases
260 ## - PUBLICATION, DISTRIBUTION, ETC. (IMPRINT)
Place of publication New Delhi
Name of publisher Himalaya Publishing House,
Year of publication 1985
300 ## - PHYSICAL DESCRIPTION
Number of Pages 770
650 ## - SUBJECT ADDED ENTRY--TOPICAL TERM
Topical Term Management
942 ## - ADDED ENTRY ELEMENTS (KOHA)
Koha item type Books
Holdings
Lost status Damaged status Collection code Home library Current library Shelving location Date acquired Cost, normal purchase price Full call number Accession Number Koha item type
    MANAGEMENT JRU Library   SHELF-60-F 18/05/2016 395.00 338.7 2699 Books
    MANAGEMENT JRU Library   SHELF-60-F 18/05/2016 395.00 338.7 2700 Books
    MANAGEMENT JRU Library JRU Library   18/05/2016 395.00 338.7 2701 Books
    MANAGEMENT JRU Library   SHELF-60-F 18/05/2016 395.00 338.7 2702 Books
    MANAGEMENT JRU Library JRU Library SHELF-60-F 18/05/2016 395.00 338.7 2703 Books
    MANAGEMENT JRU Library   SHELF-60-F 18/05/2016 395.00 338.7 2704 Books
    MANAGEMENT JRU Library JRU Library SHELF-41-J 18/05/2016 395.00 338.7 2705 Books
    MANAGEMENT JRU Library JRU Library SHELF-41-J 18/05/2016 395.00 338.7 2706 Books
      JRU Library     18/05/2016 395.00 338.7 2707 Books
    MANAGEMENT JRU Library JRU Library   18/05/2016 395.00 338.7 2708 Books
    MANAGEMENT JRU Library JRU Library   18/05/2016 395.00 338.7 2709 Books
    Reference JRU Library   SHELF-30-D 18/05/2016 395.00 338.7 2710 Books
    MANAGEMENT JRU Library   SHELF-60-F 18/05/2016 395.00 338.7 2711 Books
    MANAGEMENT JRU Library JRU Library   18/05/2016 395.00 338.7 2712 Books